Natural water loss and recoverable water in mountain basins of southern California /

Bibliographic Details
Main Author: Crippen, John R., 1920-
Corporate Author: California. Department of Water Resources
Format: Government Document Book
Language:English
Published: Washington : U.S. Govt. Print. Off, 1965.
Series:Contributions to stream-basin hydrology.
Geological Survey professional paper ; 417-E.
Subjects:

MARC

Tag First Indicator Second Indicator Subfields
LEADER 00000cam a2200000 4500
001 in00002705708
005 20151202142527.0
008 700401s1965 dcuab b f000 0 eng
010 |a  78605542  
035 |a (OCoLC)ocm00061732 
035 |a (OCoLC)61732 
040 |a DLC  |c DLC  |d IAS  |d OCLCQ  |d OCLCG  |d CUY  |d TXA  |d UtOrBLW 
043 |a n-us-ca 
049 |a TXAM 
050 0 4 |a QE75  |b .P9 no. 417-E 
082 0 |a 550/.8 s 
086 0 |a I 19.16:417-E 
100 1 |a Crippen, John R.,  |d 1920- 
245 1 0 |a Natural water loss and recoverable water in mountain basins of southern California /  |c by John R. Crippen. 
264 1 |a Washington :  |b U.S. Govt. Print. Off,  |c 1965. 
300 |a iii, 24 pages :  |b illustrations, maps. ;  |c 29 cm. 
336 |a text  |b txt  |2 rdacontent 
337 |a unmediated  |b n  |2 rdamedia 
338 |a volume  |b nc  |2 rdacarrier 
490 1 |a Contributions to stream-basin hydrology 
490 1 |a Geological Survey professional paper 417-E 
500 |a "Prepared in cooperation with California Department of Water Resources." 
504 |a Bibliography: page 24. 
650 0 |a Hydrology  |z California, Southern. 
710 1 |a California.  |b Department of Water Resources. 
830 0 |a Contributions to stream-basin hydrology. 
830 0 |a Geological Survey professional paper ;  |v 417-E. 
948 |a cataloged  |b h  |c 2011/8/30  |d c  |e heselmeyer  |f 03:58:20 PM 
994 |a C0  |b TXA 
999 |a MARS 
999 f f |s 34e80c49-5c3c-3dd0-a390-04d26d0354d2  |i 55325a26-0101-35e0-af9d-c5c86f91a13e  |t 0 
952 f f |p normal  |a Texas A&M University  |b College Station  |c Sterling C. Evans Library  |d Evans: US Documents (Annex 5th floor)  |t 0  |e I 19.16:415-417  |h Superintendent of Documents classification  |i unmediated -- volume  |m A14838020560 
952 f f |a Texas A&M University  |b College Station  |c Sterling C. Evans Library  |d Evans: US Documents (Annex 5th floor)  |t 0  |e I 19.16:415-417  |h Superintendent of Documents classification 
998 f f |a I 19.16:415-417  |t 0  |l Evans: US Documents (Annex 5th floor)